Bicameralismo, senados y senadores en el Cono Sur latinoamericano / Francisco Sánchez, Detlef Nolte y Mariana Llanos
ISBN:
84-393-6778-3
Descripción Física:
191 p. ; 24 cm
Colección:
Testimonis parlamentaris ; 19
MARC
| LEADER | 00000nam a2200000Ia 4500 | ||
|---|---|---|---|
| 001 | 17218 | ||
| 008 | 160829s2005 xx 000 0 cat d | ||
| 020 | |a 84-393-6778-3 | ||
| 080 | |a D-3-59 | ||
| 100 | |a Sánchez López, Francisco |9 28152 | ||
| 245 | |a Bicameralismo, senados y senadores en el Cono Sur latinoamericano / Francisco Sánchez, Detlef Nolte y Mariana Llanos | ||
| 260 | |a Barcelona : |b Parlament de Catalunya ; ICPS, |c 2005 | ||
| 300 | |a 191 p. ; |c 24 cm | ||
| 490 | |a Testimonis parlamentaris ; 19 | ||
| 650 | |a Parlaments |x Amèrica del Sud |9 28153 | ||
| 650 | |a Parlamentaris |x Amèrica del Sud |x Enquestes |9 28154 | ||
| 700 | |a Llanos, Mariana |9 28155 | ||
| 700 | |a Nolte, Detlef |9 28156 | ||
| 710 | 1 | |a Catalunya. |b Parlament |9 11492 | |
| 710 | 2 | |a Institut de Ciències Polítiques i Socials (Barcelona, Catalunya) |9 55871 | |
| 901 | |a Arxiu | ||
| 942 | |n 1 | ||
| 952 | |0 0 |1 0 |4 0 |6 D359 |7 1 |9 44695 |a Arxiu |b Arxiu |d 2016-12-01 |l 0 |o D-3-59 |p 17218 |r 2016-12-01 00:00:00 |w 2016-12-01 |y ARXIU | ||
| 999 | |c 47276 |d 47276 | ||